Normal view MARC view
  • Seton, Bregtje,‏ ‎

Entry Personal Name

Number of records used in: 1

001 - CONTROL NUMBER

  • control field: 41386

003 - CONTROL NUMBER IDENTIFIER

  • control field: OSt

005 - DATE AND TIME OF LATEST TRANSACTION

  • control field: 20161010114357.0

008 - FIXED-LENGTH DATA ELEMENTS

  • fixed length control field: 161010|| aca||aabn | a|a d

040 ## - CATALOGING SOURCE

  • Original cataloging agency: OSt

100 1# - HEADING--PERSONAL NAME

  • Personal name: Seton, Bregtje,‏ ‎
  • Dates associated with a name: 1983-‏